000 00725nam a2200241 a 4500
001 68424
003 BD-RjUL
005 20211209081755.0
008 170403s1981 caua 001 0 eng d
020 _a053400945X :
035 _a(BD-RjUL)68634
040 _aDLC
_cDLC
_dBD-RjUL
_beng
041 _aeng
082 0 0 _a302.2071173
_223
_bGRI 1981
100 1 _aGross, Lynne S.
_9202857
245 1 4 _aThe internship experience /
_cLynne Schafer Gross.
260 _aBelmont, Calif. :
_bWadsworth Pub. Co.,
_cc1981.
300 _aviii, 124 p. :
_bill. ;
_c24 cm.
500 _aIncludes index.
650 0 _aCommunication
_xStudy and teaching (Internship)
_zUnited States.
_9202858
942 _2ddc
_cBK
999 _c68424
_d68424